Tottenham Hotspur FC Managers - Statistics

General Stats
  • This quiz has been taken 361 times
    225 since last reset
  • The average score is 13 of 51
Answer Stats
Hint Answer % Correct
2014-19 Mauricio Pochettino
88%
2019-21 Jose Mourinho
85%
2021-23 Antonio Conte
78%
2023-Present Ange Postecoglou
71%
2008-12 Harry Redknapp
70%
2021 (C) Ryan Mason
69%
2023 (C) Ryan Mason
69%
2012-13 Andre Villas-Boas
59%
2021 Nuno Espirito Santo
59%
2013-14 Tim Sherwood
48%
2001-03 Glenn Hoddle
45%
2007-08 Juande Ramos
39%
2004-07 Martin Jol
39%
1958-74 Bill Nicholson
38%
1998-2001 George Graham
36%
1987-91 Terry Venables
35%
1993-94 Ossie Ardiles
34%
1997-98 Christian Gross
31%
1986-87 David Pleat
31%
1998 (C) David Pleat
31%
2001 (C) David Pleat
31%
2003-04 David Pleat
31%
2004 Jacques Santini
24%
1976-84 Keith Burkinshaw
23%
1994-97 Gerry Francis
21%
1994 (C) Steve Perryman
16%
1997 (C) Chris Hughton
15%
1929-35 Percy Smith
15%
1992-93 Ray Clemence
13%
2007 (C) Clive Allen
12%
1984-86 Peter Shreeve
10%
1991-92 Peter Shreeve
10%
1949-55 Arthur Rowe
8%
1987 (C) Doug Livermore
7%
1992-93 Doug Livermore
7%
1974-76 Terry Neill
7%
1942-46 Arthur Turner
3%
1927-29 Billy Minter
3%
1949 (C) Jimmy Anderson
3%
1955-58 Jimmy Anderson
3%
1899-1907 John Cameron
3%
1898-99 Frank Brettell
2%
1907-08 Fred Kirkham
2%
1935-38 Jack Tresadern
2%
1946-49 Joe Hulme
2%
1913-27 Peter McWilliam
2%
1938-42 Peter McWilliam
2%
1987 (C) Trevor Hartley
2%
1935 (C) Wally Hardinge
2%
1908-13 Directors
0%
1907 (C) Frank Walford
0%
No matching quizzes found
Score Distribution
Percent of People with Each Score
Percentile by Number Answered
Your Score History
You have not taken this quiz since the last reset